000 00519nam a2200181Ia 4500
999 _c36405
_d36405
003 OSt
005 20201221163434.0
008 190216s9999||||xx |||||||||||||| ||und||
040 _coclc
082 _a330.03
_bHEN/T
100 _aHenderson, David R
_97740
245 4 _aThe Fortune Encyclopedia Of Economics /
_cDavid R Henderson
250 _a1st Ed.
260 _bWarner Company,
_c1993.
_aUSA:
300 _a876p
650 _aEconomics
942 _cREF
_2ddc
_h330.03
_iHEN/T
_k330.03
_mHEN/T